[Event "Online Olym Div2 E 2020"]
[Site "chess.com INT"]
[Date "2020.08.16"]
[Round "9.5"]
[Board "6"]
[White "Mamani, Anahi"]
[Black "Gaal, Zsoka"]
[Result "0-1"]
[WhiteTitle "WFM"]
[BlackTitle "WFM"]
[WhiteElo "1832"]
[BlackElo "2221"]
[WhiteTeam "Bolivia"]
[BlackTeam "Hungary"]
[WhiteFideId "3311589"]
[BlackFideId "777765"]
[EventDate "2020.08.14"]
[EventType "team"]

1. e4 c5 2. Nc3 Nc6 3. f4 g6 4. Nf3 Bg7 5. d3 e6 6. Bd2 Nge7 7. h3 h5 8. g3 d6
9. Bg2 Rb8 10. a4 a6 11. O-O O-O 12. Rb1 b5 13. axb5 axb5 14. Ne2 Qb6 15. Be3
Nd4 16. Nexd4 cxd4 17. Bf2 b4 18. g4 hxg4 19. hxg4 f5 20. g5 fxe4 21. dxe4 Rxf4
22. Bxd4 Bxd4+ 23. Nxd4 Rxf1+ 24. Kxf1 Ba6+ 25. Ke1 e5 26. Ne2 Rf8 27. Bf1 Qf2+
28. Kd2 Rf3 29. Qe1 Qe3+ 30. Kd1 b3 31. Rc1 Nc6 32. c3 Qd3+ 33. Qd2 Rxf1# 0-1